000
00286nam a2200121Ia 4500
008
190216s9999||||xx |||||||||||||| ||und||
100
_a
"Narayana Swami,Viswanathan S"
245
0
_a
Outline Of Botany
260
_b
Academic Foundation
300
_a
888p
650
_a
Botany
942
_c
BK
999
_c
1037
_d
1037